000 00379nam a22001577a 4500
999 _c525160
_d525160
003 NUST
005 20190628073348.0
008 190628b ||||| |||| 00| 0 eng d
038 _aAzhar
082 _a891.422
_bRAN
100 _4Afzal Ahsan Randhawa
245 _asap, sheenh tay faqeer
260 _aLahore
_bPunjabi Adabi Board
_c1988
300 _a120p;
942 _2ddc
_cBK